<?xml version="1.0" encoding="UTF-8"?>
<record
    xmlns:xsi="http://www.w3.org/2001/XMLSchema-instance"
    xsi:schemaLocation="http://www.loc.gov/MARC21/slim http://www.loc.gov/standards/marcxml/schema/MARC21slim.xsd"
    xmlns="http://www.loc.gov/MARC21/slim">

  <leader>01159nam a22002537a 4500</leader>
  <controlfield tag="005">20160517122011.0</controlfield>
  <controlfield tag="008">140325t2007    ck abdogr|||| 00| 0 spa d</controlfield>
  <datafield tag="020" ind1=" " ind2=" ">
    <subfield code="a">9789588332062</subfield>
  </datafield>
  <datafield tag="040" ind1=" " ind2=" ">
    <subfield code="c">CO-BoIH</subfield>
    <subfield code="a">CO-BoIAVH </subfield>
  </datafield>
  <datafield tag="041" ind1=" " ind2=" ">
    <subfield code="a">spa</subfield>
  </datafield>
  <datafield tag="044" ind1=" " ind2=" ">
    <subfield code="a">ck</subfield>
  </datafield>
  <datafield tag="082" ind1="0" ind2="4">
    <subfield code="a">590.09861</subfield>
    <subfield code="b">C99p</subfield>
  </datafield>
  <datafield tag="110" ind1="2" ind2=" ">
    <subfield code="a">Corporaci&#xF3;n Aut&#xF3;noma Regional del Valle del Cauca - CVC</subfield>
  </datafield>
  <datafield tag="245" ind1="1" ind2="0">
    <subfield code="a">Planes de manejo para 18 vertebrados amenazados del Departamento del Valle del Cauca</subfield>
    <subfield code="c">Corporaci&#xF3;n Aut&#xF3;noma Regional del Valle del Cauca, Fundaci&#xF3;n EcoAndina Investigaci&#xF3;n para la Conservaci&#xF3;n</subfield>
  </datafield>
  <datafield tag="260" ind1="3" ind2=" ">
    <subfield code="a">Cali</subfield>
    <subfield code="b">Corporaci&#xF3;n Aut&#xF3;noma Regional del Valle del Cauca</subfield>
    <subfield code="c">2007</subfield>
  </datafield>
  <datafield tag="300" ind1=" " ind2=" ">
    <subfield code="a">130 p.</subfield>
    <subfield code="b">il., fot., mapas, tablas</subfield>
    <subfield code="c">24 cm</subfield>
  </datafield>
  <datafield tag="504" ind1=" " ind2=" ">
    <subfield code="a">Incluye bibliograf&#xED;a (p&#xE1;ginas 125 - 130)</subfield>
  </datafield>
  <datafield tag="650" ind1=" " ind2="4">
    <subfield code="a">Peces</subfield>
    <subfield code="v">Plan</subfield>
    <subfield code="x">Fauna</subfield>
    <subfield code="z">Valle del Cauca (Colombia)</subfield>
  </datafield>
  <datafield tag="650" ind1=" " ind2="4">
    <subfield code="a">Anfibios</subfield>
    <subfield code="v">Plan</subfield>
    <subfield code="x">Fauna</subfield>
    <subfield code="z">Valle del Cauca (Colombia)</subfield>
  </datafield>
  <datafield tag="650" ind1=" " ind2="4">
    <subfield code="a">Aves</subfield>
    <subfield code="v">Plan</subfield>
    <subfield code="x">Fauna</subfield>
    <subfield code="z">Valle del Cauca (Colombia)</subfield>
  </datafield>
  <datafield tag="650" ind1=" " ind2="4">
    <subfield code="a">Mam&#xED;feros</subfield>
    <subfield code="v">Plan</subfield>
    <subfield code="x">Fauna</subfield>
    <subfield code="z">Valle del Cauca (Colombia)</subfield>
  </datafield>
  <datafield tag="710" ind1="2" ind2=" ">
    <subfield code="a">Fundaci&#xF3;n EcoAndina Investigaci&#xF3;n para la Conservaci&#xF3;n</subfield>
  </datafield>
  <datafield tag="942" ind1=" " ind2=" ">
    <subfield code="2">ddc</subfield>
    <subfield code="c">LIBRO</subfield>
    <subfield code="0">2</subfield>
  </datafield>
  <datafield tag="999" ind1=" " ind2=" ">
    <subfield code="c">8309</subfield>
    <subfield code="d">8309</subfield>
  </datafield>
  <datafield tag="952" ind1=" " ind2=" ">
    <subfield code="0">0</subfield>
    <subfield code="1">0</subfield>
    <subfield code="2">ddc</subfield>
    <subfield code="4">0</subfield>
    <subfield code="7">0</subfield>
    <subfield code="8">GENERAL</subfield>
    <subfield code="I">INV2017</subfield>
    <subfield code="a">Bogota</subfield>
    <subfield code="b">Bogota</subfield>
    <subfield code="d">2014-03-25</subfield>
    <subfield code="e">Instituto</subfield>
    <subfield code="g">39000.00</subfield>
    <subfield code="l">2</subfield>
    <subfield code="o">LB-590.09861 C99p</subfield>
    <subfield code="p">034241</subfield>
    <subfield code="r">2015-02-25 00:00:00</subfield>
    <subfield code="s">2015-02-25</subfield>
    <subfield code="t">Ej. 1</subfield>
    <subfield code="w">2014-03-25</subfield>
    <subfield code="x">Donaci&#xF3;n</subfield>
    <subfield code="y">LIBRO</subfield>
  </datafield>
  <datafield tag="952" ind1=" " ind2=" ">
    <subfield code="0">0</subfield>
    <subfield code="1">0</subfield>
    <subfield code="2">ddc</subfield>
    <subfield code="4">0</subfield>
    <subfield code="7">0</subfield>
    <subfield code="8">GENERAL</subfield>
    <subfield code="I">INV2017</subfield>
    <subfield code="a">Venado</subfield>
    <subfield code="b">Venado</subfield>
    <subfield code="d">2015-08-25</subfield>
    <subfield code="e">Instituto</subfield>
    <subfield code="g">39000.00</subfield>
    <subfield code="l">0</subfield>
    <subfield code="o">LB-590.09861 C99p</subfield>
    <subfield code="p">038729</subfield>
    <subfield code="r">2015-08-25 00:00:00</subfield>
    <subfield code="t">Ej. 2</subfield>
    <subfield code="w">2015-08-25</subfield>
    <subfield code="x">Donaci&#xF3;n</subfield>
    <subfield code="y">LIBRO</subfield>
  </datafield>
</record>
